[Event "Roberto Grela in memorian"]
[Site "SchemingMind.com"]
[Date "2007.05.17"]
[Round "-"]
[White "tardon"]
[Black "tacticrules"]
[Result "1-0"]
[WhiteCountry "ESP"]
[BlackCountry "GER"]
[WhiteElo "1580"]
[WhiteRD "92"]
[BlackElo "1632"]
[BlackRD "50"]
[GameID "105696"]

1. d4 Nf6 2. c4 e6 3. Nf3 d5 4. Nc3 Be7 5. Bf4 O-O 6. e3 c5 7. cxd5 exd5 8. Be2 cxd4 9. Nxd4 Nc6 10. O-O Qb6
11. Qd2 Nxd4 12. exd4 Bf5 13. Bf3 Rac8 14. Nxd5 Nxd5 15. Bxd5 Rc2 16. Qe3 Bf6 17. Be5 Re8 18. Qf4 Bxe5 19. Qxf5 Rxf2 20. Rxf2 Bxd4
21. Qxf7+
1-0

[Event "Roberto Grela in memorian"]
[Site "SchemingMind.com"]
[Date "2007.05.17"]
[Round "-"]
[White "XTC"]
[Black "tacticrules"]
[Result "0-1"]
[WhiteCountry "COL"]
[BlackCountry "GER"]
[WhiteElo "1567"]
[WhiteRD "111"]
[BlackElo "1685"]
[BlackRD "51"]
[GameID "105697"]

1. e4 e6 2. d4 d5 3. Nc3 Nf6 4. Bg5 Bb4 5. e5 h6 6. Bxf6 gxf6 7. Qd3 fxe5 8. dxe5 Nc6 9. a3 Ba5 10. O-O-O Nxe5
11. Qb5+ Nc6 12. Nf3 a6 13. Qa4 b5 14. Nxb5 axb5 15. Bxb5 Bd7 16. Bxc6 Bd2+ 17. Rxd2 Rxa4 18. Bxa4 Bxa4 19. c4 c6 20. b4 Qf6
21. Rd4 Rg8 22. Rg1 e5 23. Rh4 e4 24. g3 exf3 25. Kd2 Qb2+
0-1

[Event "Roberto Grela in memorian"]
[Site "SchemingMind.com"]
[Date "2007.05.17"]
[Round "-"]
[White "mart_r3000"]
[Black "tacticrules"]
[Result "0-1"]
[WhiteCountry "ENG"]
[BlackCountry "GER"]
[WhiteElo "1278"]
[WhiteRD "60"]
[BlackElo "1685"]
[BlackRD "51"]
[GameID "105698"]

1. e4 e6 2. e5 d6 3. Nf3 Nc6 4. d4 dxe5 5. c3 exd4 6. cxd4 Nf6 7. Bg5 Be7 8. Nc3 O-O 9. Bd3 h6 10. Bxf6 Bxf6
11. Be4 Nxd4 12. Nxd4 Qxd4 13. Qxd4 Bxd4 14. O-O c6
0-1

[Event "Roberto Grela in memorian"]
[Site "SchemingMind.com"]
[Date "2007.05.17"]
[Round "-"]
[White "Tahur"]
[Black "tacticrules"]
[Result "0-1"]
[WhiteCountry "ARG"]
[BlackCountry "GER"]
[WhiteElo "1529"]
[WhiteRD "57"]
[BlackElo "1632"]
[BlackRD "53"]
[GameID "105699"]

1. e4 e6 2. Nf3 d5 3. exd5 exd5 4. d4 Nf6 5. Nc3 Bd6 6. a3 O-O 7. Bg5 c6 8. h3 Bf5 9. g4 Re8+ 10. Be2 Be4
11. Nxe4 dxe4 12. Bxf6 Qxf6 13. Nd2 e3 14. fxe3 Bg3#
0-1

[Event "Roberto Grela in memorian"]
[Site "SchemingMind.com"]
[Date "2007.05.17"]
[Round "-"]
[White "alejandra"]
[Black "tacticrules"]
[Result "0-1"]
[WhiteCountry "ARG"]
[BlackCountry "GER"]
[WhiteElo "1253"]
[WhiteRD "80"]
[BlackElo "1632"]
[BlackRD "50"]
[GameID "105700"]

1. e4 e6 2. Nc3 d5 3. Bb5+ c6 4. Ba4 b5 5. Nxb5 cxb5 6. Bxb5+ Bd7 7. Bd3 Bc6 8. Nf3 dxe4 9. Bc4 exf3 10. gxf3 Nf6
11. d3 Be7 12. Rg1 Qc7 13. Bd2 Qxh2 14. Rxg7 Qh1+ 15. Ke2 Bxf3+ 16. Ke3 Bxd1 17. Bb5+ Kf8 18. Rg5 Qf3+ 19. Kd4 Bxc2 20. Rc1 a6
21. Rxc2 Nbd7 22. Bc6 Rd8 23. Bxf3 Nb6+ 24. Ke3 Nfd5+ 25. Ke2 Bxg5 26. Bxg5 f6 27. Bh6+ Kf7 28. Rc5 Rc8 29. Ra5 Rc2+ 30. Kd1 Rxb2
31. Rxa6 Rxf2 32. a4 Rxf3 33. Ra7+ Kg6 34. Bd2 Rxd3 35. Kc2 Rf3 36. a5 Rc8+ 37. Kb2 Nc4+ 38. Kc2 Nxd2+ 39. Kxd2 h5 40. a6 h4
41. Rb7 h3 42. a7 Ra8 43. Rb8 Rxa7 44. Ke2 Rc3 45. Rg8+ Kh7 46. Rg4 Ra2+ 47. Ke1 Rc1#
0-1

[Event "Roberto Grela in memorian"]
[Site "SchemingMind.com"]
[Date "2007.05.19"]
[Round "-"]
[White "shakazulu"]
[Black "tacticrules"]
[Result "0-1"]
[WhiteCountry "ESP"]
[BlackCountry "GER"]
[WhiteElo "1303"]
[WhiteRD "95"]
[BlackElo "1625"]
[BlackRD "58"]
[GameID "105701"]

1. Nf3 Nf6 2. d4 e6 3. b3 d5 4. Nc3 Bb4 5. Qd3 b6 6. Ne5 O-O 7. f3 Ba6 8. Qd1 Bxc3+ 9. Bd2 Bxa1 10. Qxa1 Nbd7
11. Nc6 Qe8 12. Bb4 Nc5 13. dxc5 Qxc6 14. Qc3 Rfd8 15. e3 Bxf1 16. Rxf1 a5 17. Ba3 b5 18. Bb2 b4 19. Qd3 Qxc5 20. Rg1 e5
21. Bxe5 Re8 22. f4 Ng4 23. Bd4 Qe7 24. Ke2 c5 25. Bb2 Nxe3 26. Be5 Ng4 27. Qxd5 Nxe5 28. Kd1 Rad8 29. Qxd8 Rxd8+ 30. Ke1 Nf3+
31. Kf2 Nxg1 32. Kxg1 Qe1#
0-1

[Event "Roberto Grela in memorian"]
[Site "SchemingMind.com"]
[Date "2007.05.17"]
[Round "-"]
[White "Bacon"]
[Black "tacticrules"]
[Result "0-1"]
[WhiteCountry "BER"]
[BlackCountry "GER"]
[WhiteElo "1095"]
[WhiteRD "85"]
[BlackElo "1685"]
[BlackRD "51"]
[GameID "105702"]

1. e4 e6 2. d4 d5 3. Nc3 Nf6 4. e5 Nfd7 5. Nf3 c5 6. Bb5 a6 7. Bxd7+ Bxd7 8. O-O Nc6 9. Be3 Qb6 10. Na4 Qa5
11. Nxc5 Bxc5 12. dxc5 Rc8 13. Bd2 Qxc5 14. Be3 Qe7 15. Bg5 Qb4 16. c3 Qxb2 17. Qd2 Qxd2 18. Bxd2 O-O 19. Bg5 Rfe8 20. h3 h6
21. Be3 Ne7 22. Rab1 b5 23. Nd4 Rxc3 24. Rfc1 Rec8 25. Rd1 Nc6 26. Rbc1 Nxd4 27. Rxc3 Ne2+ 28. Kh2 Nxc3 29. Rd2 f6 30. exf6 gxf6
31. Bd4 Ne4 32. Rd3 e5 33. Be3 Be6 34. f3 Rc3 35. Rxc3 Nxc3 36. Bxh6 Nxa2 37. g4 b4 38. f4 b3 39. fxe5 fxe5 40. g5 b2
41. g6 b1=Q 42. Kg3 Qxg6+ 43. Kh2 Qxh6 44. Kg2 Qxh3+ 45. Kf2 d4 46. Kg1 d3 47. Kf2 Nb4 48. Ke1 Qg2 49. Kd1 Bg4+ 50. Kc1 Qc2#
0-1

[Event "Roberto Grela in memorian"]
[Site "SchemingMind.com"]
[Date "2007.05.17"]
[Round "-"]
[White "martin_"]
[Black "tacticrules"]
[Result "0-1"]
[WhiteCountry "GER"]
[BlackCountry "GER"]
[WhiteElo "1442"]
[WhiteRD "61"]
[BlackElo "1685"]
[BlackRD "51"]
[GameID "105703"]

1. d4 Nf6 2. c4 e6 3. Nc3 Bb4 4. Qc2 O-O 5. Nf3 b6 6. e3 Bb7 7. Bd3 Bxf3 8. gxf3 c5 9. e4 cxd4 10. e5 Ne8
0-1

[Event "Roberto Grela in memorian"]
[Site "SchemingMind.com"]
[Date "2007.05.17"]
[Round "-"]
[White "juanca"]
[Black "tardon"]
[Result "0-1"]
[WhiteCountry "ESP"]
[BlackCountry "ESP"]
[WhiteElo "1273"]
[WhiteRD "86"]
[BlackElo "1593"]
[BlackRD "80"]
[GameID "105725"]

1. e4 c6 2. d4 d5 3. exd5 cxd5 4. Nf3 Nf6 5. Bg5 e6 6. Nc3 Be7 7. Be2 O-O 8. O-O Nc6 9. Ne5 Nxe5 10. dxe5 Nd7
11. Bxe7 Qxe7 12. Nb5 Nxe5 13. f4 Nc6 14. Re1 a6 15. Nc3 Qb4 16. Qc1 Qd4+ 17. Kh1 Ne7 18. Rf1 Nf5 19. Rf3 Bd7 20. Rd3 Qc5
21. a3 Bc6 22. Bf3 Nh4 23. Bg4 d4 24. Ne2 Nxg2 25. Kg1 Ne3 26. Bh3 Qd5 27. Nxd4 Qh1+ 28. Kf2 Qxh2+ 29. Kxe3 Qxh3+ 30. Ke2 Qg4+
31. Ke1 Be4 32. Rd1 Qg3+ 33. Ke2 Rad8 34. Qe3 Qg4+ 35. Kd2 e5 36. fxe5 Rfe8 37. Rg1 Qh4 38. c3 Rxe5 39. Rae1 Qe7 40. Kc1 Rdd5
41. Qf2 f6 42. Qg3 g5 43. Nc2 Bxc2 44. Kxc2 Re2+ 45. Rxe2 Qxe2+ 46. Kb3 Rb5+ 47. Ka4 Qc4+ 48. b4 Ra5+ 49. Kxa5 Qb5#
0-1

[Event "Roberto Grela in memorian"]
[Site "SchemingMind.com"]
[Date "2007.05.17"]
[Round "-"]
[White "juanca"]
[Black "XTC"]
[Result "0-1"]
[WhiteCountry "ESP"]
[BlackCountry "COL"]
[WhiteElo "1281"]
[WhiteRD "73"]
[BlackElo "1586"]
[BlackRD "115"]
[GameID "105726"]

1. e4 e5 2. Nf3 Nc6 3. Bc4 Bc5 4. O-O Nf6 5. Nc3 O-O 6. d3 a6 7. Bg5 h6 8. Bxf6 Qxf6 9. Nd5 Qd8 10. c3 Ne7
11. d4 Nxd5 12. dxc5 Nf4 13. Nxe5 Qe7 14. Qd4 d6 15. cxd6 cxd6 16. Nd3 Ne2+ 17. Kh1 Nxd4 18. cxd4 Qxe4 19. Nb4 Qxd4 20. b3 b5
21. Bd5 Rb8 22. Nc6 Qxd5 23. Ne7+ Kh8 24. Nxd5 Bf5 25. Ne7 Bd3 26. Rfd1 Rfe8 27. Nc6 Rbc8 28. Nd4 Be4 29. f3 Bc2 30. Rd2 Bg6
31. g4 Re3 32. f4 Be4+ 33. Kg1 Rcc3 34. Ne2 Rcd3 35. Rxd3 Rxd3 36. Ng3 Bf3 37. h3 Bxg4 38. Ne4 Bxh3 39. Nf2 Rc3 40. Ne4 Rd3
41. Nf2 Rf3 42. Rd1 Rg3+ 43. Kh1 Bg4 44. Rxd6 Bf3+ 45. Kh2 Rg2+ 46. Kh3 Rxf2 47. Rxa6 Be2 48. Kg3 Rf3+ 49. Kg2 Rxf4 50. Ra8+ Kh7
51. Ra7 g5 52. Re7 Bd3 53. Re3 Be4+ 54. Kg1 b4 55. Re1 f5 56. Rc1 h5 57. Rc4 Rg4+ 58. Kf2 Rg2+ 59. Ke3 Rxa2 60. Rxb4 h4
61. Rb8 h3
0-1

[Event "Roberto Grela in memorian"]
[Site "SchemingMind.com"]
[Date "2007.05.17"]
[Round "-"]
[White "juanca"]
[Black "mart_r3000"]
[Result "1-0"]
[WhiteCountry "ESP"]
[BlackCountry "ENG"]
[WhiteElo "1281"]
[WhiteRD "73"]
[BlackElo "1357"]
[BlackRD "58"]
[GameID "105727"]

1. e4 e5 2. Nf3 d6 3. Bc4 Nf6 4. O-O Be7 5. Nc3 O-O 6. d4 Nc6 7. d5 Nb4 8. a3 Na6 9. b4 c5 10. Bxa6 bxa6
11. bxc5 dxc5 12. Nxe5 Bd6 13. Nc6 Qe8 14. Re1 Bg4 15. f3 Bh5 16. e5 Bxe5 17. Rxe5 Qd7 18. Bg5 Rfe8 19. Bxf6 g6 20. g4 h6
21. gxh5 gxh5 22. Rxh5 Re3 23. Ne4 Kh7 24. Be7 Qc7 25. Rf5 Rg8+ 26. Kh1 Rg7 27. Nf6+ Kh8 28. Bf8 Rg6 29. Ng4 Re8 30. Bxh6 Kh7
31. Bf4 Qc8 32. Rxf7+ Kg8 33. Rxa7 Qf5 34. Nge5 Qxf4 35. Nxg6 Qg5 36. Qd3 Re3 37. Nge7+ Kg7 38. Nf5+ Kf6 39. Nxe3
1-0

[Event "Roberto Grela in memorian"]
[Site "SchemingMind.com"]
[Date "2007.05.17"]
[Round "-"]
[White "juanca"]
[Black "Tahur"]
[Result "0-1"]
[WhiteCountry "ESP"]
[BlackCountry "ARG"]
[WhiteElo "1281"]
[WhiteRD "73"]
[BlackElo "1530"]
[BlackRD "58"]
[GameID "105728"]

1. e4 e5 2. Nf3 Nc6 3. d4 exd4 4. Nxd4 Nxd4 5. Qxd4 d6 6. Nc3 Nf6 7. Bc4 Be7 8. O-O O-O 9. Re1 c5 10. Qe3 Ng4
11. Qf3 a6 12. Bd3 Ne5 13. Qe3 h6 14. Qg3 Kh8 15. Nd5 Qa5 16. Bf4 Nxd3 17. cxd3 Qd8 18. e5 dxe5 19. Bxe5 f6 20. Nxe7 Bf5
21. Ng6+ Bxg6 22. Qxg6 fxe5 23. Rxe5 Rc8 24. Rae1 a5 25. Re7 Qd4 26. Rxb7 Qxf2+ 27. Kh1 Qxe1#
0-1

[Event "Roberto Grela in memorian"]
[Site "SchemingMind.com"]
[Date "2007.05.17"]
[Round "-"]
[White "juanca"]
[Black "alejandra"]
[Result "0-1"]
[WhiteCountry "ESP"]
[BlackCountry "ARG"]
[WhiteElo "1281"]
[WhiteRD "73"]
[BlackElo "1279"]
[BlackRD "87"]
[GameID "105729"]

1. e4 e5 2. Nf3 Nc6 3. Bc4 Nf6 4. Ng5 h6 5. Nxf7 Qe7 6. Nxh8 Nxe4 7. Qf3 Ng5 8. d4 Nxf3+ 9. gxf3 e4 10. O-O exf3
11. Bf4 Nxd4 12. Nc3 Qh4 13. Bg3 Qh3 14. Rfe1+ Ne6 15. Rxe6+ dxe6 16. Bf1 Qg4 17. Bd3 Bd7 18. Ng6 Bd6 19. Nh4 O-O-O 20. Ne4 Be7
21. Kf1 Bxh4 22. Bxh4 Qxh4 23. Kg1 e5 24. Nd2 Bb5 25. Bxb5 Rxd2 26. Rf1 Qg4+ 27. Kh1 Qg2#
0-1

[Event "Roberto Grela in memorian"]
[Site "SchemingMind.com"]
[Date "2007.05.17"]
[Round "-"]
[White "juanca"]
[Black "tacticrules"]
[Result "0-1"]
[WhiteCountry "ESP"]
[BlackCountry "GER"]
[WhiteElo "1276"]
[WhiteRD "77"]
[BlackElo "1685"]
[BlackRD "51"]
[GameID "105730"]

1. e4 e6 2. e5 d6 3. exd6 Bxd6 4. d4 Nf6 5. Nf3 Nc6 6. Bg5 O-O 7. Nc3 e5 8. Bxf6 Qxf6 9. dxe5 Nxe5 10. Nxe5 Re8
11. Be2 Bxe5 12. O-O Qh6 13. h3 Bxh3 14. gxh3 Qxh3 15. f4 Qg3+ 16. Kh1 Bxf4 17. Rxf4 Qxf4 18. Bf3 Re3 19. Bg2 Rae8 20. Bf1 Re1
21. Qd7 Rxf1+ 22. Rxf1 Qxf1+ 23. Kh2 Qf2+ 24. Kh3 Re3+ 25. Kg4 Rg3+ 26. Kh4 Qh2+
0-1

[Event "Roberto Grela in memorian"]
[Site "SchemingMind.com"]
[Date "2007.05.19"]
[Round "-"]
[White "juanca"]
[Black "shakazulu"]
[Result "1-0"]
[WhiteCountry "ESP"]
[BlackCountry "ESP"]
[WhiteElo "1281"]
[WhiteRD "73"]
[BlackElo "1303"]
[BlackRD "95"]
[GameID "105731"]

1. e4 c5 2. Nf3 g6 3. Bc4 d6 4. O-O Bg4 5. d3 Bg7 6. h3 Bc8 7. Ng5 Be6 8. Nxe6 fxe6 9. Bxe6 Qa5 10. Bd5 Nf6
11. Bxb7 O-O 12. Bxa8 Nbd7 13. Bd5+ Kh8 14. Nc3 Nb6 15. Be6 c4 16. d4 Ne8 17. Bd2 Bxd4 18. Nd5 Qc5 19. Bb4 Qb5 20. c3 Nc7
21. Qxd4+
1-0

[Event "Roberto Grela in memorian"]
[Site "SchemingMind.com"]
[Date "2007.05.17"]
[Round "-"]
[White "juanca"]
[Black "Bacon"]
[Result "1-0"]
[WhiteCountry "ESP"]
[BlackCountry "BER"]
[WhiteElo "1281"]
[WhiteRD "73"]
[BlackElo "1057"]
[BlackRD "84"]
[GameID "105732"]

1. e4 e5 2. Nf3 Nc6 3. Bc4 a6 4. O-O Bc5 5. Nc3 Nf6 6. d3 d6 7. Bg5 h6 8. Bxf6 Qxf6 9. Nd5 Qd8 10. c3 O-O
11. d4 exd4 12. cxd4 Nxd4 13. Nxd4 Bxd4 14. Qxd4 c6 15. Nf4 c5 16. Qe3 b5 17. Bd5 c4 18. Bxa8 Bd7 19. Bd5 Qe7 20. Qa7 Kh7
21. Qxa6 g5 22. Nh5 f6 23. Qb7 Kg6 24. Ng3 Rd8 25. Bc6 b4 26. Bxd7 Rxd7 27. Qxb4 g4 28. Qxc4 h5 29. Nf5 Qe5 30. Qg8+ Rg7
31. Qxg7#
1-0

[Event "Roberto Grela in memorian"]
[Site "SchemingMind.com"]
[Date "2007.05.18"]
[Round "-"]
[White "juanca"]
[Black "martin_"]
[Result "1-0"]
[WhiteCountry "ESP"]
[BlackCountry "GER"]
[WhiteElo "1238"]
[WhiteRD "88"]
[BlackElo "1276"]
[BlackRD "77"]
[GameID "105733"]

1. e4 c5 2. Nf3 d6 3. Bc4 Nf6 4. Ng5 e6 5. d3 Nc6 6. O-O Be7 7. Nc3 O-O 8. Re1 Nd4 9. e5 dxe5 10. Rxe5 Bd6
11. Re3 a6 12. Nce4 Nxe4 13. Rxe4 b5 14. c3 bxc4 15. cxd4 Bb7 16. Rh4 h6 17. Ne4 Qxh4 18. Nxd6 Rab8 19. dxc5 cxd3 20. Qxd3
1-0

[Event "Roberto Grela in memorian"]
[Site "SchemingMind.com"]
[Date "2007.05.17"]
[Round "-"]
[White "tardon"]
[Black "juanca"]
[Result "1-0"]
[WhiteCountry "ESP"]
[BlackCountry "ESP"]
[WhiteElo "1580"]
[WhiteRD "92"]
[BlackElo "1266"]
[BlackRD "82"]
[GameID "105734"]

1. d4 d5 2. c4 c6 3. Nf3 e6 4. Nc3 Bb4 5. e3 Nf6 6. Bd2 O-O 7. Bd3 Nbd7 8. O-O e5 9. dxe5 Ng4 10. a3 Bxc3
11. Bxc3 Nc5 12. Bc2 dxc4 13. Qe2 Re8 14. Qxc4 b6 15. Rad1 Qc7 16. b4 Ne6 17. Qxg4 c5 18. Qh4 h6 19. Qe4 Bb7 20. Qh7+ Kf8
21. Rd6 Bxf3 22. gxf3 Ng5 23. Qh8+ Ke7 24. Qxg7 Nxf3+ 25. Kh1 Ng5 26. Qf6+ Kf8 27. Qxh6+ Ke7 28. Qxg5+ Kf8 29. Rh6 f6 30. Qxf6+ Qf7
31. Rh8#
1-0

[Event "Roberto Grela in memorian"]
[Site "SchemingMind.com"]
[Date "2007.05.17"]
[Round "-"]
[White "XTC"]
[Black "juanca"]
[Result "1-0"]
[WhiteCountry "COL"]
[BlackCountry "ESP"]
[WhiteElo "1586"]
[WhiteRD "115"]
[BlackElo "1281"]
[BlackRD "73"]
[GameID "105735"]

1. e4 e5 2. Nf3 Nc6 3. Bb5 d6 4. O-O Bd7 5. Nc3 Nf6 6. d3 Be7 7. Bg5 O-O 8. Bxf6 Bxf6 9. Re1 a6 10. Bxc6 Bxc6
11. Nd2 d5 12. exd5 Bxd5 13. Nxd5 Qxd5 14. Ne4 Qc6 15. c3 Qb6 16. b3 Qc6 17. c4 b6 18. Qh5 Rad8 19. Nxf6+ Qxf6 20. Rad1 c5
21. Rxe5 Qf4 22. Re4 Qd6 23. g3 f5 24. Rh4 h6 25. Rf4 Qe6 26. Qf3 g6 27. Qb7 Qe2 28. Rf1 Rxd3 29. Qxb6 Rd2 30. Qxg6+ Kh8
31. Qxh6+ Kg8 32. Qg6+ Kh8 33. Rh4+ Qh5 34. Rxh5#
1-0

[Event "Roberto Grela in memorian"]
[Site "SchemingMind.com"]
[Date "2007.05.17"]
[Round "-"]
[White "mart_r3000"]
[Black "juanca"]
[Result "1-0"]
[WhiteCountry "ENG"]
[BlackCountry "ESP"]
[WhiteElo "1338"]
[WhiteRD "52"]
[BlackElo "1308"]
[BlackRD "78"]
[GameID "105736"]

1. e4 e5 2. Nf3 Nc6 3. Nc3 Bb4 4. Bc4 Nf6 5. d3 O-O 6. Bg5 d6 7. O-O a6 8. Nd5 Bg4 9. Nxf6+ gxf6 10. Bh6 Re8
11. h3 Bh5 12. g4 Bg6 13. Kh1 Qd7 14. Rg1 Kh8 15. Rg3 Ne7 16. Qg1 c6 17. h4 d5 18. exd5 cxd5 19. Bb3 Bd6 20. h5 e4
21. Nh4 Bxg3 22. Qxg3 Bxh5 23. g5 fxg5 24. Qe5+ f6 25. Qxf6+ Kg8 26. Qg7#
1-0

[Event "Roberto Grela in memorian"]
[Site "SchemingMind.com"]
[Date "2007.05.17"]
[Round "-"]
[White "Tahur"]
[Black "juanca"]
[Result "1-0"]
[WhiteCountry "ARG"]
[BlackCountry "ESP"]
[WhiteElo "1610"]
[WhiteRD "59"]
[BlackElo "1276"]
[BlackRD "77"]
[GameID "105737"]

1. e4 e5 2. Nf3 Nc6 3. Nc3 Bb4 4. a3 Bxc3 5. dxc3 Nf6 6. Bd3 O-O 7. h3 d5 8. exd5 Nxd5 9. c4 Nf6 10. O-O e4
11. Bxe4 Nxe4 12. Qd3 Qxd3 13. cxd3 Nc5 14. d4 Nd3 15. Rd1 Nxc1 16. Raxc1 Re8 17. Kf1 Bf5 18. d5 Ne5 19. Nxe5 Rxe5 20. f3 Rae8
21. h4 Re2 22. b4 Ra2 23. Rc3 Ree2 24. g4 Rf2+ 25. Kg1 Rg2+ 26. Kf1 Raf2+ 27. Ke1 Bd7 28. Re3 h6 29. Re7 Ba4 30. Rc1 Ra2
31. Kf1 Rh2 32. Kg1 Rhb2 33. Rxc7 Rxa3 34. d6 Rd2 35. c5 Rxf3 36. c6 Bxc6 37. Rb1 a6 38. Re1 Kh7 39. Ree7 Ra3 40. Kf1 Bg2+
41. Ke1 Rxd6 42. Rxf7 Rg6 43. h5 Rxg4 44. Rc8 Ra2 45. Rff8 Re4+ 46. Kd1 Bf3+ 47. Rxf3 Rh4 48. Re8 Rxh5 49. Rfe3 Rb2 50. R8e4 Rb5
51. Re7 R5xb4 52. Rg3 Rb1+ 53. Ke2 R4b2+ 54. Kf3 Rb3+ 55. Kf4 Rxg3 56. Kxg3 a5 57. Kf4 a4 58. Re3 Rb3 59. Re2 a3 60. Ra2 b5
61. Ke5 b4 62. Kd4 Rb2 63. Ra1 b3 64. Kc3 Ra2 65. Rb1 b2 66. Kc2 Ra1 67. Rxb2 Ra2 68. Rxa2 g5 69. Rxa3 Kg6 70. Kd3 Kf5
71. Ra4 h5 72. Ke3 g4 73. Kf2 Kg5 74. Kg3 h4+ 75. Kg2 Kf5 76. Rb4 Kg5 77. Ra4 Kf5 78. Rc4 Kg5 79. Rd4 Kf5 80. Rc4 Kg5
81. Re4 Kf5 82. Ra4 Kg5= 83. Rd4 Kf5 84. Rd8 Kf4 85. Rf8+ Kg5 86. Rh8 h3+ 87. Kg3 Kf5 88. Rh4 Kg5 89. Rxg4+
1-0

[Event "Roberto Grela in memorian"]
[Site "SchemingMind.com"]
[Date "2007.05.17"]
[Round "-"]
[White "alejandra"]
[Black "juanca"]
[Result "0-1"]
[WhiteCountry "ARG"]
[BlackCountry "ESP"]
[WhiteElo "1279"]
[WhiteRD "87"]
[BlackElo "1281"]
[BlackRD "73"]
[GameID "105738"]

1. e4 e5 2. Bc4 Nc6 3. Nf3 Nf6 4. Nc3 Be7 5. Ng5 O-O 6. d3 h6 7. Nd5 Nxd5 8. Bxd5 Bxg5 9. Be3 Bxe3 10. fxe3 Qg5
11. Qf3 d6 12. O-O-O Ne7 13. Bc4 Bg4 14. Qf1 Bxd1 15. Qxd1 Qxe3+ 16. Qd2 Qxd2+ 17. Kxd2 Kh8 18. Rf1 f5 19. Rf3 fxe4 20. dxe4 Rxf3
21. gxf3 Nc6 22. Bf1 Nd4 23. c3 Nxf3+ 24. Ke2 Nxh2 25. Bh3 Rf8 26. c4 g5 27. Bg4 Nxg4
0-1

[Event "Roberto Grela in memorian"]
[Site "SchemingMind.com"]
[Date "2007.05.17"]
[Round "-"]
[White "tacticrules"]
[Black "juanca"]
[Result "1-0"]
[WhiteCountry "GER"]
[BlackCountry "ESP"]
[WhiteElo "1685"]
[WhiteRD "51"]
[BlackElo "1276"]
[BlackRD "77"]
[GameID "105739"]

1. Nf3 d5 2. d4 Nc6 3. c4 e6 4. Nc3 Nf6 5. Bg5 Be7 6. e3 O-O 7. Be2 Qd6 8. O-O h6 9. Bf4 Qd7 10. Ne5 Nxe5
11. Bxe5 c6 12. Rc1 Ne4 13. Nxe4 dxe4 14. Qc2 f5 15. f3 exf3 16. Bxf3 b6 17. Rfd1 Bb7 18. d5 exd5 19. cxd5 cxd5 20. Qb3 Kh7
21. Rc7 Qe6 22. Bg3 Bc6 23. Bxd5 Bxd5 24. Rxd5 Qf6 25. Be5 Qg5 26. Rdd7 Rae8 27. Qd3 Bc5 28. Rxg7+ Qxg7 29. Rxg7+ Kh8 30. Re7+ Kg8
31. Qd5+
1-0

[Event "Roberto Grela in memorian"]
[Site "SchemingMind.com"]
[Date "2007.05.20"]
[Round "-"]
[White "shakazulu"]
[Black "juanca"]
[Result "1-0"]
[WhiteCountry "ESP"]
[BlackCountry "ESP"]
[WhiteElo "1303"]
[WhiteRD "95"]
[BlackElo "1281"]
[BlackRD "73"]
[GameID "105740"]

1. Nf3 d5 2. d4 Nc6 3. Nc3 Nf6 4. g3 e6 5. Bg2 Bb4 6. O-O O-O 7. Ne5 Nxe5 8. dxe5 Nd7 9. Qd4 Bc5 10. Qf4 f6
11. exf6 Rxf6 12. Qg4 Ne5 13. Qh3 Ng6 14. Bg5 e5 15. g4 Nf4 16. Qh4 Ng6 17. Qg3 d4 18. Ne4 Nf4 19. Bf3 Be7 20. Bxf6 Bxf6
21. Rfd1 Bd7 22. e3 dxe3 23. Nxf6+ Qxf6 24. Rxd7 Qb6 25. Kh1 exf2 26. Re7 Qd4 27. c3 Qd3 28. Qxf2 Qd6 29. Qh4 Ng6 30. Rxg7+ Kxg7
31. Qg5 c6 32. h4 Kh8 33. h5 Nf4 34. h6 Nh3 35. Qg7#
1-0

[Event "Roberto Grela in memorian"]
[Site "SchemingMind.com"]
[Date "2007.05.17"]
[Round "-"]
[White "Bacon"]
[Black "juanca"]
[Result "1-0"]
[WhiteCountry "BER"]
[BlackCountry "ESP"]
[WhiteElo "1057"]
[WhiteRD "84"]
[BlackElo "1281"]
[BlackRD "73"]
[GameID "105741"]

1. e4 e5 2. d4 Qe7 3. Nf3 exd4 4. Bd3 d6 5. O-O Bg4 6. h3 Bxf3 7. Qxf3 Nf6 8. Nd2 Qd7 9. b4 Be7 10. c4 dxc3
11. Nb1 Qc6 12. e5 Qxf3 13. gxf3 Nd5 14. b5 O-O 15. exd6 Bxd6 16. f4 Bxf4 17. Be4 Bxc1 18. Nxc3 Bb2 19. Nxd5 Bxa1 20. Rxa1 Nd7
21. Nxc7 Rab8 22. Rb1 b6 23. Bc6 Ne5 24. Na6 Rbd8 25. Nc7 Rd2 26. Nd5 Rxa2 27. Kg2 Nd3 28. Rf1 f5 29. Ne7+ Kh8 30. Bd7 f4
31. Nc8 Rd8 32. Be6 Ra3 33. Ne7 Re8 34. Bc4 Ne5 35. Rc1 Rxe7 36. Bd5 Rd7 37. Rc8+ Rd8 38. Rxd8#
1-0

[Event "Roberto Grela in memorian"]
[Site "SchemingMind.com"]
[Date "2007.05.17"]
[Round "-"]
[White "martin_"]
[Black "juanca"]
[Result "0-1"]
[WhiteCountry "GER"]
[BlackCountry "ESP"]
[WhiteElo "1276"]
[WhiteRD "77"]
[BlackElo "1238"]
[BlackRD "88"]
[GameID "105742"]

1. d4 d5 2. c4 c6 3. Nc3 Nf6 4. Bg5 e6 5. Nf3 Be7 6. e3 O-O 7. Be2 Bb4 8. Qc2 c5 9. cxd5 exd5 10. O-O Nbd7
11. Bd3 Bxc3 12. bxc3 cxd4 13. cxd4 a6 14. Rac1 h6 15. Bxf6 Nxf6 16. Ne5 b5 17. f3 Bb7 18. e4 dxe4 19. Bxe4 Bxe4 20. fxe4 Qxd4+
21. Kh1 Qxe5
0-1